Phobias Click Quiz: A - Statistics

General Stats
  • This quiz has been taken 347 times
  • The average score is 9 of 15
Answer Stats
Hint Answer % Correct
Fear of water Aquaphobia
92%
Fear of spiders Arachnophobia
92%
Fear of the Northern lights Auroraphobia
81%
Fear of heights Acrophobia
76%
Fear of open places Agoraphobia
74%
Fear of wild animals Agrizoophobia
73%
Fear of human beings Anthropophobia
70%
Fear of England or English culture Anglophobia
68%
Fear of bees Apiphobia
64%
Fear of peanut butter sticking to the roof of the mouth Arachibutyrophobia
63%
Fear of bathing Ablutophobia
49%
Fear of sourness Acerophobia
40%
Fear of chickens Alektorophobia
32%
Fear of infinity, eternity, and the uncountable Apeirophobia
25%
Fear of pain Agliophobia
21%
No matching quizzes found
Score Distribution
Percent of People with Each Score
Percentile by Number Answered
Your Score History
You have not taken this quiz